| 000 | 00000nam##2200000za#4500 |
| 001 | 9.694131 |
| 003 | CaOODSP |
| 005 | 20220901140051 |
| 007 | cr ||||||||||| |
| 008 | 150407|2000||||xxc|||||o f|0| 0 eng|d |
| 040 | |aCaOODSP|beng |
| 043 | |an-cn--- |
| 086 | 1 |aJ4-4/2000E-PDF |
| 110 | 1 |aCanada.|bJustice Canada. |
| 245 | 10|aExpanding horizons : |h[electronic resource]|brethinking access to justice in Canada |
| 246 | 1 |iOn title page : |aProceedings of a Symposium Organized by the Department of Justice Canada March 31, 2000 |
| 260 | |aOttawa - Ontario : |bJustice Canada |c[2000]. |
| 300 | |a114p.|bfig., tables |
| 500 | |a"Proceedings of a symposium organized by the Department of Justice Canada, March 31, 2000». |
| 504 | |aBibliography. |
| 590 | |a11-02-Supp|b2011-01-27 |
| 690 | 07|aJustice system|2gcpds |
| 775 | 08|tÉlargir nos horizons : |w(CaOODSP)9.638311 |
| 856 | 40|ahttp://publications.gc.ca|qPDF|s398 KB|uhttps://publications.gc.ca/collections/collection_2010/justice/J4-4-2000-eng.pdf |